000 00228nam a2200097Ia 4500
008 220601s9999 xx 000 0 und d
020 _a978-0-3403-2752-9
100 _aJeffries, R
_9136581
245 0 _aPeril at sea
942 _cBK
_w561
_xJohn Tresidder
_y561
_zJohn Tresidder
999 _c663210
_d663209